| 000 | 00605nam a2200193Ii 4500 | ||
|---|---|---|---|
| 003 | JO-AjNU | ||
| 008 | 230605s9999||||xx |||||||||||||| ||und|| | ||
| 040 |
_aJO-AjNU _bara _erda _cJO-AjNU |
||
| 041 | _aara | ||
| 050 | 1 | 4 | _aGA101.A2236 1980 |
| 100 | 3 |
_aالعبادي، خضر, _eauthor _914351 |
|
| 245 | 0 | 0 | _aالكارتوكرافي: مساقط الخرائط |
| 264 | 3 | 1 | _aبغداد: المؤلف، 1980 |
| 300 |
_a388ص _bصور توضبحية |
||
| 336 |
_atext _btxt _2rdacontent |
||
| 337 |
_aunmediated _bn _2rdamedia |
||
| 338 |
_avolume _bnc _2rdacarrier |
||
| 650 | 4 |
_aرسم خرائط _914352 |
|
| 999 |
_aA3806 _c7374 _d7374 |
||